000 00376nam a2200157Ia 4500
008 230917s9999||||xx |||||||||||||| ||und||
040 _e35111
_aMAIN
041 _aEnglish
082 _a342.591 M444B
100 _aMaung, Maung
245 0 _aBurma's constitution
250 _a2nd ed.
260 _aHaque
_bMartinus Nijoff
_c1961
300 _axviii, 340 p.
942 _cBK
999 _c178031
_d178031